000 00708nam a2200229Ia 4500
001 9142
003 GE_BSU
008 181216s||||||||xx |||||||||||||| ||und||
040 _cGE_BSU
080 _a821.353.1-31
100 _aლორია,პარმენ
245 _aდელი მურადი= Дели Мурад
245 _bრომანი
245 _cრედ:ნ.მალაზონია
260 _aბათუმი.
260 _bაჭარის სახელმწიფო გამომცემლობა.
260 _c1939
300 _a270გვ;21სმ.
653 _aდელი მურადი
653 _aრომანი
942 _cBK
999 _c42446
_d42446